000
00350nam a2200157 4500
008
190319s1985||||xo d
100
1
_a
Štefanovic Jozef
_9
980
245
1
0
_a
Psychológia I.
250
_a
1. vydanie
260
_b
SPN
_a
Bratislava
_c
1985
300
_a
170 s.
020
_c
0
041
1
_a
slo
044
_a
xo
_c
SK
958
_a
APR
999
_c
22242
_d
22242